Baptism - Lovejoy - Statistics

General Stats
  • This quiz has been taken 16 times
  • The average score is 209 of 279
Answer Stats
Answer % Correct
a
100%
I
100%
i
100%
in
89%
In
89%
It
89%
it
89%
it,
89%
the
89%
to
89%
water
89%
we
89%
you
89%
You
89%
always
78%
and
78%
And
78%
at
78%
baptise
78%
be
78%
blood
78%
But
78%
cold
78%
coming
78%
do
78%
don't
78%
had
78%
has
78%
he
78%
holy?
78%
is
78%
Just
78%
just
78%
little
78%
make
78%
me
78%
me-
78%
of
78%
on
78%
say
78%
see
78%
sinking
78%
that
78%
There's
78%
They
78%
this
78%
time
78%
too
78%
was
78%
When
78%
will
78%
worst
78%
year
78%
changed,
67%
disagree
67%
else
67%
else,
67%
ever
67%
get
67%
getting
67%
Getting
67%
got
67%
heart
67%
hospital,
67%
if
67%
If
67%
insane
67%
it's
67%
know
67%
late
67%
my
67%
myself
67%
need
67%
new
67%
now
67%
old
67%
out
67%
play
67%
point
67%
reflection,
67%
roughly
67%
savior,
67%
ship
67%
shirt
67%
So
67%
some
67%
something
67%
stay
67%
staying
67%
think
67%
want
67%
wanted
67%
world
67%
again
56%
by
56%
eyes
56%
his
56%
How
56%
hurt
56%
much
56%
never
56%
or
56%
over
56%
said
56%
somebody
56%
someone
56%
walks,
56%
worse?
56%
arms
44%
baptisms
44%
bore
44%
him?
44%
(huh)
44%
let
44%
meet
44%
mine
44%
one
44%
Remembering
44%
side
44%
sordid
44%
talks,
44%
trust
44%
won't
44%
Oh
33%
oh
33%
No matching quizzes found
Score Distribution
Percent of People with Each Score
Percentile by Number Answered
Your Score History
You have not taken this quiz